Quiz da Copa do Brasil - Statistics

Estatísticas Gerais
  • Esse quiz foi jogado 112 vezes
  • A pontuação média é 91 de 351
Estatísticas das Respostas
Resposta Participações % Correto
Palmeiras 25
97%
Flamengo 24
96%
Flamengo-PI 11
96%
São Paulo 20
96%
Grêmio 27
93%
Santos 18
91%
Santos-AP 8
91%
Atlético-AC 6
90%
Atlético-CE 2
90%
Atlético-GO 13
90%
Atlético-MG 31
90%
Atlético-RR 8
90%
Cruzeiro 24
90%
Fluminense 24
89%
Vasco 29
89%
Vasco-AC 2
89%
Botafogo 27
88%
Botafogo-DF 1
88%
Botafogo-PB 17
88%
Botafogo-SP 3
88%
Corinthians 25
88%
Corinthians-AL 4
88%
Bahia 28
82%
América-AM 1
81%
América-MG 22
81%
América-RJ 3
81%
América-RN 24
81%
América-SE 1
81%
Fortaleza 23
79%
Internacional 26
79%
Vitória-BA 31
77%
Vitória-ES 4
77%
Sport 26
76%
Ceará 25
74%
Coritiba 26
74%
Goiás 28
74%
Juventude-MT 3
73%
Juventude-RS 18
73%
Brasil-RS 5
72%
Avaí 14
71%
Chapecoense 10
70%
CSA 18
70%
Remo 29
70%
CRB 16
68%
Criciúma 20
68%
Figueirense 19
68%
Náutico-PE 26
68%
Náutico-RR 2
68%
Paysandu 23
68%
Guará 2
67%
Santa Cruz 2
67%
Santa Cruz-PB 2
67%
Santa Cruz-PE 25
67%
Santa Cruz-RN 1
67%
Cuiabá 10
65%
Ponte Preta 17
63%
Paraná 23
61%
Guarani 18
60%
Guarani-RS 1
60%
Londrina 12
60%
Red Bull Bragantino 9
60%
Brasiliense 14
59%
Portuguesa 17
59%
Athletico-PR 24
57%
ABC 21
55%
Caxias 12
54%
Caxias-SC 1
54%
Joinville 9
54%
Villa Nova 6
54%
Vila Nova 16
53%
Bragantino-PA 2
52%
Novo-MS 1
52%
Operário-MS 10
52%
Operário-MT 9
52%
Operário-PR 3
52%
Santo André 7
52%
São Caetano 6
52%
Bangu 5
51%
Gama 14
48%
Paulista 3
48%
Rio Branco-AC 21
48%
Rio Branco-ES 5
48%
Rio Branco-PR 1
48%
Volta Redonda 6
48%
Sampaio Corrêa 25
47%
Manaus 3
45%
Ituano 4
44%
Moto Club 13
44%
ASA 15
41%
Treze 13
40%
Brusque 6
39%
Ferroviário-CE 6
39%
Nacional-AM 19
38%
Nacional-PB 2
38%
São José-AP 4
38%
São José-RS 4
38%
São José-SP 1
38%
Ferroviária 4
37%
Ypiranga-AP 7
37%
Ypiranga-RS 5
37%
Madureira 5
36%
River-PI 13
36%
Confiança 13
34%
Tombense 3
34%
Boavista 7
33%
Campinense 10
33%
Nova Iguaçu 1
33%
Sergipe 17
33%
Ipatinga 7
31%
Maringá 1
31%
Tuna Luso 4
30%
Altos 4
29%
Novo Hamburgo 4
29%
Novorizontino 1
29%
São Bento 1
29%
Luverdense 7
28%
Mixto 7
28%
Palmas 7
28%
União 7
28%
Bahia de Feira 3
27%
São Bernardo 2
27%
Americano 9
26%
Audax 1
26%
Brasília 4
26%
XV de Piracicaba 2
26%
Globo 4
24%
Juazeirense 2
24%
Juventus-AC 3
24%
Juventus-SP 1
24%
Pelotas 1
24%
São Raimundo-AM 8
24%
São Raimundo-PA 3
24%
São Raimundo-RR 8
24%
Boa Esporte 8
23%
Fluminense de Feira 3
23%
Icasa 4
23%
Oeste 4
23%
Tocantinópolis 2
23%
Maranhão 8
22%
Sousa 4
22%
Grêmio Barueri 3
21%
Resende 3
21%
Tupi 6
21%
Caldense 6
20%
Comercial-MS 9
20%
Comercial-PI 2
20%
Floresta 1
20%
Goianésia 2
20%
Imperatriz 5
20%
URT 6
20%
Aparecidense 3
19%
Cabofriense 2
19%
Goiânia 2
19%
Salgueiro 5
19%
Cianorte 3
18%
Inter de Limeira 1
18%
Itabaiana 10
18%
Porto 1
18%
Vitória da Conquista 5
18%
Anapolina 4
17%
São Luiz 2
17%
Central 3
16%
Esportivo-RS 1
16%
Friburguense 2
16%
Jacuipense 1
16%
Real-RR 1
16%
Uberaba 2
16%
4 de Julho 5
15%
Anápolis 1
15%
Ji-Paraná 9
15%
Picos 4
15%
Sinop 5
15%
Afogados 1
14%
Aimoré 1
14%
Independente-AP 1
14%
Independente-PA 5
14%
Piauí 2
14%
Portuguesa Santista 1
14%
Serra 6
14%
Desportiva Ferroviária 9
13%
Guaratinguetá 1
13%
Linhares 1
13%
Linhares-ES 4
13%
Murici 3
13%
Noroeste 3
13%
Trem-AP 4
13%
Avenida 1
12%
Ceilândia 5
12%
Galvez 3
12%
Potiguar-RN 4
12%
Taguatinga 4
12%
Baré 5
11%
Rio Negro-AM 6
11%
Rio Negro-RR 1
11%
Rondonópolis 1 | 7
11%
Tocantins 1
11%
CENE 9
10%
Coruripe 7
10%
Fast Clube 8
10%
Horizonte 3
10%
Real Noroeste 3
10%
Tiradentes 1
10%
Águia de Marabá 3
9%
Barra-MT 2
9%
Democrata-MG 3
9%
Foz do Iguaçu 1
9%
Itumbiara 1
9%
Lajeadense 3
9%
Naviraiense 4
9%
Penarol 2
9%
Princesa do Solimões 4
9%
São Francisco 1
9%
Sobradinho 2
9%
Toledo 1
9%
15 de Novembro 2
7%
CRAC 2
7%
Dom Bosco 2
7%
J Malucelli 4
7%
Linense 1
7%
Misto 1
7%
PSTC 1
7%
Red Bull Brasil 1
7%
Alecrim 1
6%
Amapá 2
6%
Blumenau 1
6%
Estrela do Norte 3
6%
Inter de Lages 1
6%
Luziânia 3
6%
Auto Esporte 3
5%
Catuense 1
5%
Caucaia 1
5%
Cerâmica 1
5%
Juazeiro 2
5%
Paranavaí 2
5%
Real Ariquemes 2
5%
Real Brasília 2
5%
Vilhena 6
5%
Águia Negra 4
4%
Atlético Sorocaba 1
4%
Baraúnas 3
4%
Colatina 1
4%
Goiatuba 1
4%
Guarany de Sobral 1
4%
Gurupi 4
4%
Lagarto 2
4%
Parnahyba 7
4%
River Plate-SE 2
4%
São Gabriel 1
4%
Veranópolis 2
4%
Alegrense-ES 2
3%
Ananindeua 1
3%
Aquidauanense 2
3%
Aracruz 1
3%
Araguaína 2
3%
ASSU 1
3%
Atlético Tubarão 2
3%
Barbalha 2
3%
Camaçari 1
3%
Colo Colo 1
3%
Guarani de Juazeiro 2
3%
Iraty 3
3%
Kaburé-TO 3
3%
Paragominas 1
3%
São Mateus 2
3%
União Barbarense 1
3%
Vilhenense 1
3%
ADESG 1
2%
Ariquemes 1
2%
Atlético de Alagoinhas 1
2%
Cachoeiro 1
2%
Cametá 1
2%
Chapadão 3
2%
Cordino 1
2%
Corumbaense 2
2%
Genus 1
2%
Grêmio Jaciara 1
2%
Holanda 1
2%
IAPE 1
2%
Ivinhema 3
2%
Lagartense 2
2%
Muniz Freire 1
2%
Poções 1
2%
Potyguar 1
2%
Rondoniense 1
2%
Sapucaiense 1
2%
Sorriso 2
2%
Sul América 1
2%
Ubiratan 3
2%
Ulbra-RO 2
2%
Ulbra-RS 3
2%
Votuporanguense 1
2%
Atlético Ibirama 2
1%
Cacerense 1
1%
Caiçara 1
1%
Capelense 1
1%
Coríntians-RN 3
1%
Coxim 1
1%
Cristal 3
1%
Freipaulistano 1
1%
Grêmio Coariense 2
1%
Independência-AC 3
1%
Jaguaré 1
1%
JV Lideral 1
1%
Mineiros 1
1%
Oratório 1
1%
Pinheiros-PR 1
1%
Pinheiros-RO 1
1%
Pontaporanense 1
1%
Roma-PR 1
1%
Sete de Dourados 1
1%
União Bandeirante 2
1%
Vila Aurora 1
1%
Votoraty 1
1%
Alvorada 1
0%
Amadense 1
0%
Araguaia 1
0%
Arapongas 1
0%
Atlético Cajazeirense 2
0%
Atlético Itapemirim 1
0%
Bandeirante 1
0%
Barras-PI 4
0%
Capivariano 1
0%
Catanhal 1
0%
CFA 1
0%
CFZ 2
0%
Colinas 1
0%
Corisabá 1
0%
Duque Caxias 1
0%
Espigão 1
0%
ESSE 1
0%
Estanciano 1
0%
Galo Maringá 1
0%
Guajará 1
0%
Ibiraçu 1
0%
Novo Horizonte 1
0%
Palmares 1
0%
Paraupebas 1
0%
Pirambu 1
0%
Plácido de Castro 1
0%
Prudentópolis 1
0%
Santa Helena 1
0%
Santa Quiterá 1
0%
Santa Rita 1
0%
São Domingos 3
0%
São Gonçalo 1
0%
Tigres do Brasil 1
0%
Uberlânida 2
0%
União Araguainense 1
0%
União Cacoalense 2
0%
Vilhavelense 1
0%
Nenhum quiz correspondente encontrado
Distribuição das Pontuações
Porcentagem de Pessoas com Cada Pontuação
Percentil de Números Respondidos
Sua Pontuação Histórica
Você não jogou esse quiz